| 000 | 01028cam a22002771 4500 | ||
|---|---|---|---|
| 001 | he 68002317 | ||
| 003 | DLC | ||
| 005 | 20260227111501.0 | ||
| 008 | 840119s1966 is 000 0 heb | ||
| 010 | _ahe 68002317 | ||
| 035 | _a(OCoLC)19154324 | ||
| 040 |
_aDLC _cMH _dCU _dDLC |
||
| 042 | _apremarc | ||
| 043 | _ae------ | ||
| 050 | 0 | 0 |
_aDS135.E8 _bE8 |
| 245 | 0 | 0 |
_aMaʻamadam ha-ḥuḳi shel ha-Yehudim be-Eropah : _bme-emtsaʻ ha-meʼah ha-shemoneh-ʻeśreh ʻad shenot ha-shivʻim shel ha-meʼah ha-teshaʻ-ʻeśreh : meḳorot. |
| 260 |
_aJerusalem : _bha-Universitah ha-ʻIvrit, ha-Faḳultah le-madaʻe ha-ruaḥ, ha-Ḥug la-hisṭoryah shel ʻam Yiśraʼel, _c[1966] |
||
| 300 |
_a75 p. ; _c27 cm. |
||
| 500 | _aDocuments in English, French, or German with Hebrew translation. | ||
| 650 | 0 |
_aJews _xHistory _y1789- |
|
| 650 | 0 |
_aJews _xPolitics and government. |
|
| 650 | 0 |
_aJews _xLegal status, laws, etc. _zEurope. |
|
| 650 | 0 |
_aJews _zEurope. |
|
| 700 | 1 | _aEttinger, Samuel. | |
| 752 |
_aIsrael _dJerusalem |
||
| 999 |
_c33554 _d33554 |
||